000 00710nam a22002657a 4500
001 BR7311091
003 BR-BrBNA
005 20230928084230.0
007 ta
008 230509b bl.||||| |||| 00| 0 por d
040 _aBR-BrBNA
_bpor
_cBiblioteca Nacional de Agricultura
041 _a(Por)
072 _aL10
_b5212
_b/G514
090 _ 5212 BR7311091
100 1 _aCresta, A.
245 1 _aRelatorio sobre o servico de inseminacao artificial, 1. Estacao de Monta [bovino, Brasil]
260 3 _a[np](Brasil):
_c1973.
300 _a30 p.
500 _a10 tables
650 _aBOVINO
650 _aVACA
650 _aINSEMINACAO ARTIFICIAL
909 _a202309
_bLucia
_c55
_dLucia Elande
942 _cBK
999 _c17597
_d17597